000 00699cam a2200181 i 4500
005 20251218104444.0
008 250721r2003 ua gr 000 0 ara d
082 1 4 _a217.8
_bر ض و
100 1 _aرضوان، فتحي أحمد
_eمؤلف.
245 1 0 _aمشكلة خلق القرآن بين المعتزلة وأهل السلف /
_cتاليف الدكتور فتحي أحمد رضوان.
264 _bدار الثقافة للطباعة والنشر والتوزيع،
_c2003.
_aالقاهرة:
300 _a177صفحة.
650 1 7 _aالقرآن الكريم.
650 1 7 _aالمعتزلة.
650 1 7 _aالفرق الإسلامية.
942 _2ddc
_cBK
999 _c98257
_d98257